000 00387 a2200157 4500
001 58249
020 _a8508046111
040 _cAnchieta - Pituba
100 _aAlmeida, Manuel Antônio de
240 1 0 _aMemórias de um sargento de milícias
_lpor
245 1 0 _aMemórias de um sargento de milícias
300 _a152
362 0 _a1998
650 4 _aFicção brasileira
942 _cBK
999 _c58249
_d58249